|
|
|
|
| LEADER |
00000nab a2200000 a 4500 |
| 001 |
vtls011632737 |
| 003 |
SK-MaSNL |
| 005 |
20260304015256.0 |
| 008 |
170525c20170523xo drz 0 0slo |
| 038 |
|
|
|a KEVKJB
|
| 040 |
|
|
|a KEVKJB
|b slo
|c KEVKJB
|e AACR2
|
| 041 |
0 |
|
|a slo
|
| 044 |
|
|
|a xo
|c SK
|
| 080 |
|
|
|a 58:069.029
|2 2011
|
| 245 |
0 |
0 |
|a V botanickej záhrade sa liahnu motýle exotických trópov
|c [autor](sita)
|
| 300 |
|
|
|b Fotogr.
|
| 610 |
2 |
7 |
|a Univerzita Pavla Jozefa Šafárika v Košiciach.
|b Botanická záhrada
|2 kevkjb
|9 108571
|
| 650 |
0 |
7 |
|a botanické záhrady
|2 kevkjb
|9 69138
|
| 650 |
0 |
7 |
|a motýle
|2 kevkjb
|9 30304
|
| 651 |
|
7 |
|a Košice (Slovensko)
|2 kevkjb
|9 18694
|
| 773 |
0 |
|
|t Korzár : denník Košického kraja
|g Roč. XX., č. 118 (23.5.2017), s. 6
|x 1338-659X
|
| 852 |
|
|
|a KEVKJB
|b KIS3GCP
|
| 856 |
4 |
1 |
|u https://kosice.korzar.sme.sk/c/20537399/motyle-exotickych-tropov-sa-liahnu-v-botanickej-zahrade.html#axzz4i5d7DbKj
|
| 999 |
|
|
|c 2590517
|d 2592447
|